Методические инструменты воспитателя: интегрированные конспекты занятий, инновационные технологии, педагогические приемы (Запись № 13429096)

Подробности
000 -МАРКЕР
контрольное поле 02684nam0a2200385 4500
001 - ИДЕНТИФИКАТОР ЗАПИСИ
контрольное поле RU\NLR\BIBL_A\022529499
005 - ИДЕНТИФИКАТОР ВЕРСИИ
контрольное поле 20250623094719.0
010 ## - МЕЖДУНАРОДНЫЙ СТАНДАРТНЫЙ НОМЕР КНИГИ (ISBN)
Номер (ISBN) 978-5-00258-272-0
010 ## - МЕЖДУНАРОДНЫЙ СТАНДАРТНЫЙ НОМЕР КНИГИ (ISBN)
Номер (ISBN) 978-5-00258-273-0
Тираж 75
021 ## - НОМЕР ГОСУДАРСТВЕННОЙ РЕГИСТРАЦИИ
Код страны Российская Федерация
Номер КН-П-25-011691
Номер Листа государственной регистраци КН-П-25-1181
035 ## - ДРУГИЕ СИСТЕМНЫЕ НОМЕРА
Идентификатор записи (NLR Aleph) 022529499
100 ## - ДАННЫЕ ОБЩЕЙ ОБРАБОТКИ
Данные общей обработки 20250423d2024 u y0rusy50 ca
101 0# - ЯЗЫК РЕСУРСА
Язык текста, звукозаписи и т.д. русский
102 ## - СТРАНА ПУБЛИКАЦИИ ИЛИ ПРОИЗВОДСТВА
Страна публикации Российская Федерация
105 ## - ПОЛЕ КОДИРОВАННЫХ ДАННЫХ: ТЕКСТОВЫЕ МАТЕРИАЛЫ, МОНОГРАФИЧЕСКИЕ
Кодированные данные о монографическом текстовом документе a|||z|||000yy
181 #0 - ПОЛЕ КОДИРОВАННЫХ ДАННЫХ: ВИД СОДЕРЖАНИЯ
Код вида содержания (ISBD) i3
Код характеристики содержания (ISBD) axxe
182 #0 - ПОЛЕ КОДИРОВАННЫХ ДАННЫХ: ТИП СРЕДСТВА
Код типа средства (ISBD) n - непосредственное
200 1# - ЗАГЛАВИЕ И СВЕДЕНИЯ ОБ ОТВЕТСТВЕННОСТИ
Основное заглавие Методические инструменты воспитателя: интегрированные конспекты занятий, инновационные технологии, педагогические приемы
Сведения, относящиеся к заглавию из опыта работы педагогов МБДОУ "Непоседы"
Первые сведения об ответственности [Кашаева Гульнара Магомедовна, Валиуллина Альбина Николаевна, Волкова Галина Геннадьевна и др.]
Последующие сведения об ответственности под редакцией Г. М. Кашаевой
-- Муниципальное бюджетное дошкольное учреждение "Непоседы" муниципального образования город Губкинский
203 ## - ВИД СОДЕРЖАНИЯ И ТИП СРЕДСТВА
Вид содержания Текст
Дополнительные сведения об издании визуальный
Тип средства непосредственный
210 ## - ПУБЛИКАЦИЯ, РАСПРОСТРАНЕНИЕ И ДР.
Место издания, распространения и т.д. Москва
Имя издателя, распространителя и т. д. Перо
Дата издания, распространения и т.д. 2024
215 ## - ФИЗИЧЕСКАЯ ХАРАКТЕРИСТИКА
Специфическое обозначение материала и объем 189 с.
Другие сведения о физической характеристике ил., табл.
Размеры 21х30
225 1# - СЕРИЯ
Основное заглавие серии Серия Муниципальная инновационная площадка "Инновационный проект "Гений с пеленок" - выявление, развитие и самореализация детей с признаками одарённости"
300 ## - ОБЩИЕ ПРИМЕЧАНИЯ
Текст примечания Авт. указаны на 185-й с.
606 1# - НАИМЕНОВАНИЕ ТЕМЫ КАК ПРЕДМЕТ
Наименование темы Дошкольные учреждения
Формальный подзаголовок Методические пособия
Тематический подзаголовок Воспитательно-образовательная работа
Системный номер авторитетной/нормативной записи 2373354
Идентификатор авторитетной/нормативной записи RU\NLR\AUTH\661416507
686 1# - ИНДЕКСЫ ДРУГИХ КЛАССИФИКАЦИЙ
Индекс Ч411.38я8
701 #1 - ИМЯ ЛИЦА - АЛЬТЕРНАТИВНАЯ ОТВЕТСТВЕННОСТЬ
Начальный элемент ввода Кашаева
Часть имени, кроме начального элемента ввода Г. М.
Расширение инициалов личного имени Гульнара Магомедовна
701 #1 - ИМЯ ЛИЦА - АЛЬТЕРНАТИВНАЯ ОТВЕТСТВЕННОСТЬ
Начальный элемент ввода Валиуллина
Часть имени, кроме начального элемента ввода А. Н.
Расширение инициалов личного имени Альбина Николаевна
701 #1 - ИМЯ ЛИЦА - АЛЬТЕРНАТИВНАЯ ОТВЕТСТВЕННОСТЬ
Графика поля Кириллица
Материалы, к которым относится поле rus
Начальный элемент ввода Волкова
Часть имени, кроме начального элемента ввода Г. Г.
Дополнения к именам, кроме дат методист, дошкольное образование
Расширение инициалов личного имени Галина Геннадьевна
Системный номер авторитетной/нормативной записи 2652572
Идентификатор авторитетной/нормативной записи RU\NLR\AUTH\770280605
712 02 - НАИМЕНОВАНИЕ ОРГАНИЗАЦИИ - ВТОРИЧНАЯ ОТВЕТСТВЕННОСТЬ
Код отношения Прочие
Начальный элемент ввода "Непоседы", муниципальное бюджетное дошкольное образовательное учреждение
Идентифицирующий признак Губкинский
Системный номер авторитетной/нормативной записи 2659355
Идентификатор авторитетной/нормативной записи RU\NLR\AUTH\880626987
942 ## - ДОПОЛНИТЕЛЬНЫЕ ЭЛЕМЕНТЫ ЗАПИСИ (АБИС)
Тип экземпляра АБИС Книга
980 ## - КОЛЛЕКЦИЯ
Название коллекции Национальная библиография

Нет доступных экземпляров.